000 01392nam a2200229Ia 4500
003 Ost
005 20260416102400.0
008 260416s9999||||xx |||||||||||||| ||und||
040 _cfsecg
041 _aara
082 _a657.46
100 _aمخلوفي، نعيمة
_eمؤلف
245 0 _aالمحاسبة التحليلية :
_bدروس وتمارين :موجهة لطلبة سنة ثانية شعبة العلوم المالية وال محاسبة ليسانس /
_c مخلوفي نعيمة
260 _aالجزائر
_bجامعة الجزائر3: كلية العلوم الإقتصادية، العلوم التجارية وعلوم التسيير
_c2023
300 _a117 ورقة
_bايضاحات
_c12 سم
504 _aالمراجع ص.112
520 _aالإطار النظري للمحاسبة التحليلية،مدخل لحساب التكلفة وسعر التكلفة،محاسبة المخزونات،طريقة التكاليف الكلية في المحاسبة التحليلية (طريقة الأقسام المتجانسة ) ،طريقة التكاليف على أساس الأنشطة ABC .
653 _aالتكاليف
653 _aالمحاسبة التحليلية
710 _aجامعة الجزائر3: كلية العلوم الإقتصادية، العلوم التجارية وعلوم التسيير
_eناشر علمي
942 _cHANDOUT
999 _c41395
_d41395